000 00350pab a2200157 454500
008 180718b2008 xxu||||| |||| 00| 0 eng d
100 _aMishra, Girish
245 _aKarl Polanyi and globalisation
260 _c2008
300 _ap.7-12.
362 _a18 Oct
650 _aGlobalization
773 _aMainstream
908 _aN
909 _a79717
999 _c79717
_d79717